| 000 | 01070nam a2200277Ia 4500 | ||
|---|---|---|---|
| 999 |
_c3088 _d3088 |
||
| 003 | OSt | ||
| 005 | 20220331073712.0 | ||
| 008 | 890714s1989 maua f 001 0 eng d | ||
| 020 | _a0316924008 | ||
| 040 | _cALUPE UNIVERSITY | ||
| 049 |
_aJHWW _aJHWM [MEYER] _no |
||
| 050 |
_aRM122 _b.D86 1989 |
||
| 096 | _aWB 300 W319m 1989 | ||
| 245 | 0 | 0 |
_aManual of medical therapeutics / _cDepartment of Medicine, Washington University School of Medicine. |
| 250 |
_a26th ed. / _bWilliam Claiborne Dunagan, Michael L. Ridner, editors. |
||
| 260 |
_aBoston : _bLittle, Brown, _cc1989. |
||
| 300 |
_axiii, 585 p. : _bill. ; _c22 cm. |
||
| 650 | 2 |
_aTherapeutics _vhandbooks. |
|
| 700 | 1 | _aRidner, Michael L. | |
| 700 | 1 | _aDunagan, William Claiborne. | |
| 710 | 2 |
_aWashington University (Saint Louis, Mo.). _bDepartment of Medicine. |
|
| 910 | _a137337 | ||
| 942 |
_2lcc _cBK _nPW |
||
| 945 |
_aMATT _b4 _d18.90 _gC.1 IRC,C.2 REF,C.3 PNL,C.4 ONC _jWB 300 W319m _k890724 _n70,68,50,43 _qF _zSPIRAL _w1 |
||
| 945 |
_aC.A.HIRSHMAN _b1 _dGIFT _gC.5 W ST _k900119 _n63 _rDR.CAROL A.HIRSHMAN _zSPIRAL _w1 |
||